| 000 | 00507cam a2200193ua 4500 | ||
|---|---|---|---|
| 001 | 8047 | ||
| 008 | 150105n ii |||gr||||Z||||||hin | ||
| 040 | _cMAIN | ||
| 041 | _ahin | ||
| 082 | _a891.43 | ||
| 100 |
_aRai, L., _eAuthor. |
||
| 245 | 1 |
_aRitikalin hindi-sahitya mai ullikhit vastabharanu ka adhyayan _cBy Lallan Rai |
|
| 250 | _a1st. | ||
| 260 |
_aChandigarh: _bPunjab, _c1986. |
||
| 300 | _a424p. | ||
| 653 | _aEast Indo-European & Celtic literatures | ||
| 653 | _aHindi literature | ||
| 942 | _cBK | ||
| 999 |
_c7164 _d7164 |
||